000 00492 a2200169 4500
003 OSt
005 20240207151116.0
008 240207b |||||||| |||| 00| 0 eng d
040 _coclc
082 _a894.8128
_bTON/I
100 _aTonner,Stephen R
_910415
245 _aInterview neridam vijayikkam /
_cStephen R Tonner
250 _a1st ed.
260 _aKozhikode:
_bHarmony Books,
_c2010.
300 _a128p.
942 _2ddc
_cBK
_h894.8128
_iTON/I
_k894.8128
_mTON/I
999 _c44366
_d44366